Statistics for Chicago Bulls Trivia

Click here to take the quiz!

General Stats

  • This quiz has been taken 76 times
  • The average score is 11 of 16

Answer Stats

QuestionAnswer% Correct
How many championships does the franchise have?6
100%
Who has rainbow hair?Dennis Rodman
94%
Who is Michael Jordan's side kick?Scottie Pippen
91%
How many MVP's have their players won?6
89%
How many All star selections did Jordan have?14
86%
Their best coachPhil Jackson
85%
How many No.1 picks have the Bulls had?2
79%
How many finals have the Bulls lost?0
77%
MascotBenny The Bull
74%
What was their best record?72-10
73%
What hockey team do they share a stadium with?Blackhawks
55%
Who has the rebound record?Michael Jordan
47%
When were they founded?1966
44%
What is the name of their stadium?United Center
42%
What was their worst record?15-67
17%
What was the intro song for the 1996 Bulls?Sirius
14%

Score Distribution

Percentile by Number Answered

Percent of People with Each Score

Your Score History

You have not taken this quiz